[Event "1. OEsterreichische Internet Schach Meisterschaft - Vorrunde 1"]
[Site "Online - Playchess.com"]
[Date ""]
[Round "9"]
[Board "33"]
[White "Schneider-Zinner, Werner"]
[Black "Putz, Georg"]
[Result "1-0"]
[WhiteElo "1967"]
[BlackElo "2071"]
[PlyCount "131"]
[EventDate "2020.04.11"]
[EventRounds "9"]
[EventCountry "AUT"]

1. d4 c5 2. c3 cxd4 3. cxd4 g6 4. Nc3 Bg7 5. Nf3 Nf6 6. Bf4 O-O 7. e3 d6 8. h3
Nc6 9. Be2 Bf5 10. O-O Ne4 11. Nxe4 Bxe4 12. Nd2 Bf5 13. Bf3 d5 14. Re1 Qd7 15.
a3 a5 16. Rc1 Rfc8 17. Nb3 b6 18. Be2 a4 19. Nd2 Na5 20. Nb1 Rxc1 21. Qxc1 Rc8
22. Qd2 Nb3 23. Qb4 Qd8 24. Nc3 Nd2 25. Nxa4 Ne4 26. Qxb6 Qd7 27. Nc5 Nxc5 28.
dxc5 e5 29. Bg3 Be6 30. Bb5 Qc7 31. Qxc7 Rxc7 32. c6 f5 33. Bh4 Rc8 34. a4 e4
35. a5 Bxb2 36. a6 Be5 37. Be7 Bc7 38. Bc5 Ra8 39. Rb1 Bc8 40. a7 Kf7 41. Ra1
Ke6 42. Kf1 f4 43. Bd4 fxe3 44. fxe3 Kd6 45. Kf2 Be6 46. g4 h5 47. gxh5 gxh5
48. h4 Bd8 49. Kg3 Bc7 50. Rf1 Ke7+ 51. Rf4 Bxf4+ 52. Kxf4 Kd6 53. Kg5 Bg4 54.
Kf4 Bf3 55. Kf5 Bg4+ 56. Kf6 Rf8+ 57. Kg7 Ra8 58. Kf6 Rf8+ 59. Kg5 Ra8 60. Kh6
Kc7 61. Kg5 Rg8+ 62. Kf6 Kd6 63. Be5+ Kc5 64. Ba4 Kb6 65. Bb8 d4 66. a8=Q {
Affie gibt auf}  1-0

[Event "1. OEsterreichische Internet Schach Meisterschaft - Vorrunde 1"]
[Site "Online - Playchess.com"]
[Date ""]
[Round "9"]
[Board "34"]
[White "Moerwald, Magdalena"]
[Black "Knoll, Martin"]
[Result "1-0"]
[WhiteElo "1791"]
[BlackElo "2018"]
[PlyCount "71"]
[EventDate "2020.04.11"]
[EventRounds "9"]
[EventCountry "AUT"]

1. e4 c6 2. d4 d5 3. exd5 cxd5 4. Bd3 Nf6 5. c3 Nc6 6. Nf3 Bg4 7. Nbd2 e6 8.
O-O Bd6 9. Qc2 Bh5 10. Re1 Bg6 11. Ne5 Bxd3 12. Qxd3 O-O 13. Ndf3 Ne4 14. Bf4
Qc7 15. Bg3 Nxg3 16. hxg3 Bxe5 17. Nxe5 Ne7 18. Rad1 Rac8 19. Kh2 Ng6 20. Nxg6
hxg6 21. Rh1 Qc4 22. Qe3 Qxa2 23. Qg5 Rfd8 24. Kg1 Qxb2 25. Qh4 Kf8 26. Qg5 Ke8
27. Qe5 Ke7 28. Qxg7 Rxc3 29. Rh7 Rf8 30. Qxg6 Rc1 31. Qg5+ Kd7 32. Rxc1 Qxd4
33. Qf4 Qb2 34. Rc7+ Ke8 35. Rc8+ Kd7 36. Qc7#  1-0

[Event "1. OEsterreichische Internet Schach Meisterschaft - Vorrunde 1"]
[Site "Online - Playchess.com"]
[Date ""]
[Round "9"]
[Board "35"]
[White "Kapferer, Romed"]
[Black "Maierhofer, Johann"]
[Result "1/2-1/2"]
[WhiteElo "2081"]
[BlackElo "2087"]
[PlyCount "181"]
[EventDate "2020.04.11"]
[EventRounds "9"]
[EventCountry "AUT"]

1. e4 e6 2. d4 d5 3. Nc3 dxe4 4. Nxe4 Bd7 5. Nf3 Bc6 6. Bd3 Nd7 7. O-O Ngf6 8.
Ng3 Be7 9. Re1 O-O 10. c3 Re8 11. Bg5 Bxf3 12. Qxf3 c6 13. Rad1 Nf8 14. Bxf6
Bxf6 15. Ne4 Be7 16. Qh5 Ng6 17. Bc2 Qd5 18. Qxd5 cxd5 19. Ng3 Bd6 20. Nh5 b5
21. Bd3 a6 22. Bxg6 hxg6 23. Ng3 Rec8 24. Rc1 a5 25. Ne2 b4 26. b3 bxc3 27.
Rxc3 Rxc3 28. Nxc3 Bb4 29. Rc1 Rc8 30. Ne2 Rxc1+ 31. Nxc1 Kf8 32. Kf1 Ke7 33.
Ke2 Kd6 34. Kd3 Be1 35. f3 Bb4 36. Ne2 f6 37. Nf4 g5 38. Nh3 Kc6 39. Nf2 Kb5
40. Ng4 Bd6 41. h3 Kb4 42. Kc2 Ka3 43. Kb1 Bf4 44. Nf2 Be3 45. Nd3 Bxd4 46. Ne1
Kb4 47. Kc2 e5 48. g4 Kb5 49. a3 Bc5 50. Kb2 Bd4+ 51. Kc2 Kc5 52. Nd3+ Kd6 53.
Nc1 Bc5 54. Kb2 e4 55. fxe4 dxe4 56. Ne2 Ke5 57. a4 e3 58. Kc3 Ke4 59. Kc4 Bb4
60. Nd4 Kf4 61. Kd3 Bd2 62. Ke2 Kg3 63. Nf5+ Kxh3 64. Nxe3 Bxe3 65. Kxe3 Kxg4
66. b4 axb4 67. a5 b3 68. Kd2 Kf3 69. a6 g4 70. a7 g3 71. a8=Q+ Kf2 72. Kc3 g2
73. Qa7+ Kf1 74. Qa1+ Kf2 75. Qb2+ Kg3 76. Qc1 Kh2 77. Qd2 Kh1 78. Qd5 f5 79.
Kd2 b2 80. Kc2 f4 81. Kxb2 g5 82. Kc2 g4 83. Qh5+ Kg1 84. Kd2 f3 85. Qc5+ f2
86. Ke2 g3 87. Qd4 Kh2 88. Qh4+ Kg1 89. Qd4 Kh1 90. Qh4+ Kg1 91. Qd4  1/2-1/2

[Event "1. OEsterreichische Internet Schach Meisterschaft - Vorrunde 1"]
[Site "Online - Playchess.com"]
[Date ""]
[Round "9"]
[Board "36"]
[White "Filek, Mattias"]
[Black "Maister, Dieter"]
[Result "1-0"]
[WhiteElo "1932"]
[BlackElo "1851"]
[PlyCount "85"]
[EventDate "2020.04.11"]
[EventRounds "9"]
[EventCountry "AUT"]

1. e4 c6 2. Nc3 d5 3. Nf3 Bg4 4. h3 Bxf3 5. Qxf3 dxe4 6. Qxe4 Nf6 7. Qf3 Nbd7
8. Bc4 e6 9. d3 a5 10. a4 Be7 11. Bg5 Nd5 12. Bxe7 Qxe7 13. Ne4 O-O 14. O-O Ne5
15. Qe2 Ng6 16. Rfe1 Ngf4 17. Qf3 Ng6 18. Qg3 Nb4 19. Bb3 Nd5 20. Rad1 Rad8 21.
Nd2 Qf6 22. Nc4 Ra8 23. c3 Nh4 24. d4 Nf5 25. Qf3 Qg6 26. Ne5 Qg5 27. Re4 Nh4
28. Qg4 Qxg4 29. Rxg4 Nf5 30. Bc2 Nd6 31. Rh4 h6 32. g4 Nf4 33. g5 hxg5 34. Rg4
f6 35. Ng6 Rfe8 36. Nxf4 gxf4 37. Rxf4 Nc4 38. Rh4 Nxb2 39. Bh7+ Kf8 40. Rb1
Nxa4 41. Rxb7 Nxc3 42. Bg6 Re7 43. Rh8#  1-0

[Event "1. OEsterreichische Internet Schach Meisterschaft - Vorrunde 1"]
[Site "Online - Playchess.com"]
[Date ""]
[Round "9"]
[Board "37"]
[White "Kucharski, Michael"]
[Black "Rotter, Harald"]
[Result "1/2-1/2"]
[WhiteElo "1927"]
[BlackElo "1854"]
[PlyCount "155"]
[EventDate "2020.04.11"]
[EventRounds "9"]
[EventCountry "AUT"]

1. d4 e6 2. c4 b6 3. e4 Bb7 4. Bd3 d6 5. Nc3 h6 6. Nge2 Ne7 7. Be3 g6 8. O-O
Bg7 9. f3 Nd7 10. Rc1 a6 11. Qd2 f5 12. Rfe1 e5 13. Nd5 Bxd5 14. cxd5 f4 15.
Bf2 g5 16. Qc2 Ra7 17. Red1 Ng6 18. g3 Nf6 19. dxe5 Nxe5 20. Kg2 g4 21. Nd4
gxf3+ 22. Nxf3 Nxf3 23. Kxf3 fxg3 24. Bxg3 Rf8 25. Kg2 Ng4 26. Qc6+ Qd7 27.
Qxd7+ Kxd7 28. Rd2 Bd4 29. Bxa6 Be3 30. Bb5+ Ke7 31. Bh4+ Nf6 32. Rdc2 Bxc1 33.
Rxc1 Rg8+ 34. Kh3 Kf7 35. Rf1 Rg6 36. a4 Kg7 37. Re1 Nh5 38. Bg3 Nxg3 39. hxg3
Ra8 40. e5 dxe5 41. Rxe5 Kf8 42. g4 Rd8 43. b4 Rg5 44. Re6 Rdxd5 45. Rxh6 Rd4
46. Rh4 Rxb4 47. Kg3 Rc5 48. Rh8+ Kg7 49. Rd8 c6 50. Rd7+ Kf8 51. Be2 Rxa4 52.
Rc7 Rc3+ 53. Kf2 c5 54. g5 Rf4+ 55. Ke1 Rf7 56. Rc8+ Kg7 57. Rc6 Rb3 58. Bh5
Re7+ 59. Kd1 Rg3 60. Rxb6 Rxg5 61. Bf3 Rf7 62. Bb7 Rf6 63. Rb5 Kh6 64. Kd2 Rd6+
65. Kc3 Rg4 66. Rxc5 Rg3+ 67. Kc4 Rg4+ 68. Kb5 Rgg6 69. Rc6 Rd5+ 70. Kb6 Rxc6+
71. Kxc6 Rg5 72. Bc8 Rg7 73. Be6 Rg5 74. Kd6 Rg7 75. Ke5 Rg5+ 76. Kf6 Rg6+ 77.
Kf5 Rxe6 78. Kxe6  1/2-1/2

[Event "1. OEsterreichische Internet Schach Meisterschaft - Vorrunde 1"]
[Site "Online - Playchess.com"]
[Date ""]
[Round "9"]
[Board "38"]
[White "Tischler, Michel"]
[Black "Brehovsky, Paul"]
[Result "0-1"]
[WhiteElo "1517"]
[BlackElo "2149"]
[PlyCount "122"]
[EventDate "2020.04.11"]
[EventRounds "9"]
[EventCountry "AUT"]

1. e4 e6 2. d4 d5 3. Nc3 Nf6 4. Bg5 dxe4 5. Nxe4 Nbd7 6. Nf3 Be7 7. Bxf6 Nxf6
8. Nxf6+ Bxf6 9. c3 O-O 10. Bd3 b6 11. O-O Bb7 12. Qc2 h6 13. Ne5 Bxe5 14. dxe5
Qd5 15. f4 Rad8 16. Rad1 Qc5+ 17. Kh1 Kh8 18. Rd2 a5 19. a3 Rd7 20. Rfd1 Qe3
21. Bb5 Rd5 22. Rxd5 Bxd5 23. Qd2 Qe4 24. Bd3 Qa4 25. Bc2 Qc6 26. Bb1 Rd8 27.
Qc2 Bxg2+ 28. Kg1 Rxd1+ 29. Qxd1 Be4 30. Bxe4 Qxe4 31. Qd2 Kh7 32. b4 axb4 33.
axb4 c5 34. b5 Qd5 35. Qc2+ g6 36. c4 Qd4+ 37. Kg2 Qxf4 38. Qe2 h5 39. Qd3 Qd4
40. Qe2 Kh6 41. Qf2 Qxf2+ 42. Kxf2 Kg5 43. Ke3 Kf5 44. Kf3 g5 45. Ke3 Kxe5 46.
Kf3 f5 47. Ke3 f4+ 48. Kf3 g4+ 49. Kg2 Ke4 50. h3 Ke3 51. Kh2 g3+ 52. Kg2 h4
53. Kf1 f3 54. Ke1 g2 55. Kd1 g1=Q+ 56. Kc2 Qg2+ 57. Kc3 f2 58. Kb3 Kd3 59. Ka3
Kc3 60. Ka2 Qa8+ 61. Kb1 f1=Q#  0-1

[Event "1. OEsterreichische Internet Schach Meisterschaft - Vorrunde 1"]
[Site "Online - Playchess.com"]
[Date ""]
[Round "9"]
[Board "39"]
[White "Schroettner, Martin"]
[Black "Kranz, Armin"]
[Result "0-1"]
[WhiteElo "1934"]
[BlackElo "2119"]
[PlyCount "48"]
[EventDate "2020.04.11"]
[EventRounds "9"]
[EventCountry "AUT"]

1. Nf3 Nf6 2. c4 c5 3. Nc3 b6 4. g3 Bb7 5. Bg2 e6 6. O-O Be7 7. d4 cxd4 8. Nxd4
Bxg2 9. Kxg2 a6 10. b3 d6 11. Bb2 Qc7 12. Qd3 Nbd7 13. Rad1 O-O 14. Ne4 Ne5 15.
Nxf6+ Bxf6 16. Qe4 Rac8 17. Ba3 Rfd8 18. h3 Nd7 19. Nxe6 fxe6 20. Qxe6+ Kh8 21.
Rxd6 Nc5 22. Rxb6 Nxe6 23. Rxe6 Qb7+ 24. Kh2 Re8  0-1

[Event "1. OEsterreichische Internet Schach Meisterschaft - Vorrunde 1"]
[Site "Online - Playchess.com"]
[Date ""]
[Round "9"]
[Board "41"]
[White "Hofer, Maximilian"]
[Black "Messner, Andreas"]
[Result "1-0"]
[WhiteElo "2108"]
[BlackElo "1856"]
[PlyCount "35"]
[EventDate "2020.04.11"]
[EventRounds "9"]
[EventCountry "AUT"]

1. e4 c5 2. Nf3 Nc6 3. d4 cxd4 4. Nxd4 e5 5. Nb5 a6 6. Nd6+ Bxd6 7. Qxd6 Qe7 8.
Qd1 Nf6 9. Nc3 O-O 10. Bg5 h6 11. Nd5 Qd8 12. Nxf6+ gxf6 13. Bxh6 d5 14. exd5
Nd4 15. c3 Nf5 16. Qg4+ Kh7 17. Bxf8 Qxf8 18. Bd3  1-0

[Event "1. OEsterreichische Internet Schach Meisterschaft - Vorrunde 1"]
[Site "Online - Playchess.com"]
[Date ""]
[Round "9"]
[Board "42"]
[White "Meglitsch, Konstantin"]
[Black "Rosol, Philip"]
[Result "1/2-1/2"]
[WhiteElo "2041"]
[BlackElo "1468"]
[PlyCount "117"]
[EventDate "2020.04.11"]
[EventRounds "9"]
[EventCountry "AUT"]

1. e4 d6 2. d4 Nf6 3. Nc3 e5 4. dxe5 dxe5 5. Qxd8+ Kxd8 6. Bg5 Be6 7. O-O-O+
Kc8 8. h3 Nbd7 9. Nf3 h6 10. Bxf6 gxf6 11. Nd5 Bxd5 12. Rxd5 c6 13. Rd1 Bc5 14.
Bc4 Kc7 15. Rhf1 Rhf8 16. c3 b5 17. Bb3 a5 18. Nh4 a4 19. Bc2 h5 20. Nf5 Rg8
21. g3 Rad8 22. Nh6 Rgf8 23. f4 Nb6 24. Rxd8 Kxd8 25. fxe5 Be3+ 26. Kd1 Bxh6
27. Rxf6 Be3 28. Ke2 Bg1 29. b3 Kc7 30. e6 a3 31. Rxf7+ Rxf7 32. exf7 Nd7 33.
e5 Bc5 34. e6 Nf8 35. b4 Be7 36. Bf5 Kd6 37. g4 hxg4 38. hxg4 Nxe6 39. Ke3 Nd8
40. Bg6 Ke6 41. Ke4 Nxf7 42. Bf5+ Kf6 43. Bd7 Nd8 44. Kd4 Bd6 45. Ke4 Kg5 46.
Kd4 Kf6 47. c4 bxc4 48. Kxc4 Ke7 49. Bc8 Ne6 50. Kb3 c5 51. Kxa3 cxb4+ 52. Kb3
Nd4+ 53. Kb2 Kf6 54. Kb1 Kg5 55. Kb2 Bc5 56. Kc1 Ne2+ 57. Kc2 Nf4 58. Kb3 Nd5
59. Kc4  1/2-1/2

[Event "1. OEsterreichische Internet Schach Meisterschaft - Vorrunde 1"]
[Site "Online - Playchess.com"]
[Date ""]
[Round "9"]
[Board "43"]
[White "Gallob, Marko"]
[Black "Hessenberger, Andreas"]
[Result "1-0"]
[WhiteElo "1961"]
[BlackElo "2019"]
[PlyCount "45"]
[EventDate "2020.04.11"]
[EventRounds "9"]
[EventCountry "AUT"]

1. e4 c5 2. Nf3 Nc6 3. d4 cxd4 4. Nxd4 d6 5. Nc3 e5 6. Nb3 Nf6 7. Be2 Be7 8.
O-O O-O 9. f4 exf4 10. Bxf4 Be6 11. Kh1 Qb6 12. Bg3 Rad8 13. Bf2 Qc7 14. Bg3
Qc8 15. Qe1 Bg4 16. Rd1 Bxe2 17. Qxe2 Rfe8 18. Qf2 Qg4 19. h3 Qg6 20. Rfe1 Nh5
21. Bh2 Bh4 22. Qxh4 Ne5 23. Bxe5 {Hessi75 gibt auf}  1-0

[Event "1. OEsterreichische Internet Schach Meisterschaft - Vorrunde 1"]
[Site "Online - Playchess.com"]
[Date ""]
[Round "9"]
[Board "44"]
[White "Kubik, Gerhard"]
[Black "Holzleithner, Johannes"]
[Result "0-1"]
[WhiteElo "1985"]
[BlackElo "1979"]
[PlyCount "62"]
[EventDate "2020.04.11"]
[EventRounds "9"]
[EventCountry "AUT"]

1. d4 Nf6 2. Nc3 d5 3. Bg5 e6 4. e4 dxe4 5. Nxe4 Be7 6. Bxf6 Bxf6 7. Nf3 O-O 8.
c3 Be7 9. Bd3 Nd7 10. Qe2 Nf6 11. O-O-O Nd5 12. g3 b6 13. h4 Bb7 14. Nfg5 h6
15. Qf3 hxg5 16. hxg5 Bxg5+ 17. Kb1 g6 18. Rh3 f5 19. Re1 fxe4 20. Qh1 Kf7 21.
Rh7+ Ke8 22. Bxe4 Qd6 23. Bxg6+ Kd8 24. Qh5 Be7 25. Bf7 Bc8 26. Qg6 Nf6 27. f4
Nxh7 28. Qxh7 Bd7 29. f5 exf5 30. d5 Qf6 31. Be6 Rh8 {Zeit}  0-1

[Event "1. OEsterreichische Internet Schach Meisterschaft - Vorrunde 1"]
[Site "Online - Playchess.com"]
[Date ""]
[Round "9"]
[Board "45"]
[White "Huber, Guenther"]
[Black "Soelkner, Julian"]
[Result "1-0"]
[WhiteElo "1979"]
[BlackElo "1484"]
[PlyCount "57"]
[EventDate "2020.04.11"]
[EventRounds "9"]
[EventCountry "AUT"]

1. c4 Nf6 2. g3 e6 3. Bg2 c5 4. e4 Nc6 5. Nc3 Be7 6. Nge2 O-O 7. O-O b6 8. d3
Bb7 9. f4 d6 10. h3 e5 11. f5 Nd4 12. g4 Nd7 13. Be3 Kh8 14. Qd2 Bh4 15. Kh2
Nb8 16. Ng3 Nbc6 17. Nd5 Ne7 18. f6 Nxd5 19. fxg7+ Kxg7 20. exd5 f6 21. Bxd4
cxd4 22. Nf5+ Kf7 23. Nxh4 Ke7 24. Nf5+ Kd7 25. Qh6 Rf7 26. Qh5 Qg8 27. Nh6 Qg7
28. Qxf7+ Qxf7 29. Nxf7 {Julibtw gibt auf}  1-0

[Event "1. OEsterreichische Internet Schach Meisterschaft - Vorrunde 1"]
[Site "Online - Playchess.com"]
[Date ""]
[Round "9"]
[Board "46"]
[White "Keim, Philipp"]
[Black "Huliak, Peter"]
[Result "1-0"]
[WhiteElo "1919"]
[BlackElo "1958"]
[PlyCount "67"]
[EventDate "2020.04.11"]
[EventRounds "9"]
[EventCountry "AUT"]

1. Nf3 d5 2. c4 Nf6 3. g3 Bg4 4. Bg2 Qd7 5. O-O Bh3 6. Ne5 Qc8 7. cxd5 Bxg2 8.
Qa4+ c6 9. Kxg2 Nxd5 10. e4 Nb6 11. Qb3 e6 12. Qf3 Qc7 13. d4 Bd6 14. Bf4 f6
15. Qh5+ Kf8 16. Ng6+ hxg6 17. Qxh8+ Kf7 18. e5 fxe5 19. dxe5 Bxe5 20. Bxe5
Qxe5 21. Nc3 N8d7 22. Qh3 Nd5 23. Rfe1 Qf5 24. Qxf5+ gxf5 25. Nxd5 exd5 26. Re2
Re8 27. Rae1 Rxe2 28. Rxe2 Nc5 29. f3 Ne6 30. h4 g6 31. b4 Kf6 32. a4 g5 33.
hxg5+ Kxg5 34. Rxe6  1-0

[Event "1. OEsterreichische Internet Schach Meisterschaft - Vorrunde 1"]
[Site "Online - Playchess.com"]
[Date ""]
[Round "9"]
[Board "47"]
[White "Katter, Katharina"]
[Black "Kwech, Andreas"]
[Result "1-0"]
[WhiteElo "1930"]
[BlackElo "1901"]
[PlyCount "53"]
[EventDate "2020.04.11"]
[EventRounds "9"]
[EventCountry "AUT"]

1. d4 Nf6 2. Nf3 g6 3. e3 Bg7 4. b3 d5 5. Bb2 O-O 6. c4 e6 7. Nc3 c6 8. Bd3
Nbd7 9. O-O Re8 10. Ne5 Nxe5 11. dxe5 Nd7 12. f4 f6 13. exf6 Bxf6 14. Qc2 Nf8
15. cxd5 exd5 16. Rae1 Bd7 17. Kh1 Qa5 18. e4 dxe4 19. Nxe4 Bxb2 20. Qxb2 Rxe4
21. Rxe4 Ne6 22. Bc4 Re8 23. Rfe1 Qf5 24. Qe2 Kf7 25. g4 Qf6 26. f5 gxf5 27.
gxf5 {Akwech gibt auf}  1-0

[Event "1. OEsterreichische Internet Schach Meisterschaft - Vorrunde 1"]
[Site "Online - Playchess.com"]
[Date ""]
[Round "9"]
[Board "48"]
[White "Hofstadler, Mario"]
[Black "Griessnig, Thomas"]
[Result "1/2-1/2"]
[WhiteElo "1867"]
[BlackElo "1895"]
[PlyCount "123"]
[EventDate "2020.04.11"]
[EventRounds "9"]
[EventCountry "AUT"]

1. d4 c5 2. c3 Nf6 3. Nf3 cxd4 4. cxd4 g6 5. Nc3 Bg7 6. Bf4 O-O 7. e3 d6 8. Be2
Nc6 9. O-O a6 10. a3 b5 11. Rc1 Bb7 12. Nd2 e5 13. dxe5 dxe5 14. Bg3 Qe8 15.
Nb3 Rd8 16. Qc2 b4 17. Na4 Rc8 18. Nac5 Qe7 19. Qb1 Nh5 20. Nxb7 Nxg3 21. hxg3
Qxb7 22. Nc5 Qa7 23. Bxa6 bxa3 24. bxa3 Nb8 25. Qb5 Nxa6 26. Nxa6 Ra8 27. Nb4
Qxa3 28. Nc6 Kh8 29. Nxe5 Ra5 30. Nxf7+ Rxf7 31. Qe8+ Rf8 32. Qc6 Raa8 33. Qd5
Qe7 34. Qb5 Rab8 35. Qa5 Ra8 36. Qb5 Ra2 37. Qb6 Qa3 38. Rc7 Qb2 39. Qd6 Qf6
40. Qd7 Rxf2 41. Rxf2 Qxf2+ 42. Kh2 Qf6 43. Rb7 h5 44. Rc7 h4 45. Qh3 Kg8 46.
Rb7 hxg3+ 47. Qxg3 Qe5 48. Qxe5 Bxe5+ 49. Kh3 Rf7 50. Rb5 Bf6 51. Kg4 Kg7 52.
e4 Be7 53. g3 Bd6 54. Rd5 Bc7 55. Rc5 Re7 56. Kf3 Bb6 57. Rb5 Bc7 58. Rc5 Kf7
59. Rc6 Bb8 60. Rb6 Bc7 61. Rc6 Bb8 62. Rb6  1/2-1/2

[Event "1. OEsterreichische Internet Schach Meisterschaft - Vorrunde 1"]
[Site "Online - Playchess.com"]
[Date ""]
[Round "9"]
[Board "49"]
[White "Riemelmoser, Stefan"]
[Black "Novkovic, Julia"]
[Result "1-0"]
[WhiteElo "2046"]
[BlackElo "2170"]
[PlyCount "114"]
[EventDate "2020.04.11"]
[EventRounds "9"]
[EventCountry "AUT"]

1. e4 e5 2. Nf3 Nc6 3. Bb5 Nf6 4. O-O Be7 5. Re1 d6 6. d4 exd4 7. Nxd4 Bd7 8.
Nxc6 bxc6 9. Bd3 O-O 10. b3 Bg4 11. f3 Bh5 12. Bb2 Bg6 13. Nd2 Nd7 14. Nc4 Bf6
15. Bxf6 Qxf6 16. Qe2 Rfe8 17. Qf2 c5 18. Rad1 a5 19. a4 Qc3 20. Qd2 Qxd2 21.
Rxd2 f6 22. Kf2 Bf7 23. f4 Re7 24. Kf3 Kf8 25. g4 Bxc4 26. Bxc4 Nb6 27. Bb5 Rb8
28. Rde2 Rc8 29. e5 fxe5 30. fxe5 Rf7+ 31. Kg3 Nd5 32. Bc4 c6 33. exd6 Rd7 34.
Rf1+ Kg8 35. Bxd5+ cxd5 36. Re7 Rxd6 37. Rff7 Rg6 38. h4 Rf8 39. Rxf8+ Kxf8 40.
Rc7 c4 41. bxc4 dxc4 42. Rxc4 Re6 43. Kf3 Ke7 44. Re4 Kd6 45. Rxe6+ Kxe6 46.
Ke4 Kd6 47. Kd4 h6 48. c4 Ke6 49. c5 g6 50. Ke4 Kf6 51. Kd5 h5 52. gxh5 gxh5
53. Kd6 Kf5 54. c6 Kg4 55. c7 Kxh4 56. c8=Q Kg3 57. Qc7 h4 {Julka gibt auf}  1-0

[Event "1. OEsterreichische Internet Schach Meisterschaft - Vorrunde 1"]
[Site "Online - Playchess.com"]
[Date ""]
[Round "9"]
[Board "50"]
[White "Teuschler, Hugo"]
[Black "Mira, Helene"]
[Result "1-0"]
[WhiteElo "2055"]
[BlackElo "2082"]
[PlyCount "89"]
[EventDate "2020.04.11"]
[EventRounds "9"]
[EventCountry "AUT"]

1. e4 e5 2. Nf3 Nc6 3. Nc3 Nf6 4. Bb5 Bb4 5. O-O d6 6. d3 O-O 7. Ne2 Ne7 8. c3
Ba5 9. Ng3 Ng6 10. Re1 c6 11. Ba4 Bc7 12. Bg5 h6 13. Bd2 d5 14. Qc1 Bg4 15. Bd1
Kh7 16. h3 Be6 17. Bc2 Nf4 18. Bxf4 exf4 19. Nf5 Bxf5 20. exf5 Re8 21. Rxe8
Qxe8 22. Qd2 Qd7 23. Nh4 Re8 24. Re1 Rxe1+ 25. Qxe1 d4 26. Qe2 dxc3 27. bxc3
Qd8 28. Nf3 Nd5 29. c4 Nb4 30. Bb1 f6 31. d4 Bb6 32. a3 Na6 33. Qe4 Nc7 34.
Qxf4 c5 35. d5 Ne8 36. Qg4 Nd6 37. Qg6+ Kh8 38. Qg4 Qe8 39. Bd3 Qa4 40. Nh4
Qxa3 41. Ng6+ Kg8 42. Ne7+ Kf8 43. Ng6+ Kf7 44. Qe2 Qa1+ 45. Kh2 {Zeit}  1-0

[Event "1. OEsterreichische Internet Schach Meisterschaft - Vorrunde 1"]
[Site "Online - Playchess.com"]
[Date ""]
[Round "9"]
[Board "51"]
[White "Grafenberger, Dieter"]
[Black "Guetz, Wolfgang"]
[Result "0-1"]
[WhiteElo "1953"]
[BlackElo "2078"]
[PlyCount "64"]
[EventDate "2020.04.11"]
[EventRounds "9"]
[EventCountry "AUT"]

1. d4 d5 2. Bg5 h6 3. Bh4 Bf5 4. e3 g5 5. Bg3 Nf6 6. Bd3 Bxd3 7. Qd2 Bg6 8. Ne2
Ne4 9. Qb4 Nxg3 10. hxg3 b6 11. Nd2 Nc6 12. Qb5 Qd7 13. Nc3 e6 14. a3 Na5 15.
Qe2 Bxc2 16. f4 gxf4 17. exf4 Nb3 18. Nxb3 Bxb3 19. f5 Bc4 20. Qe3 O-O-O 21. f6
c5 22. Rc1 cxd4 23. Qxd4 Bc5 24. Qf4 e5 25. Qf3 Kb8 26. b4 e4 27. Qf4+ Bd6 28.
Qh4 Rhg8 29. Rh3 Qg4 30. Qxg4 Rxg4 31. Rxh6 Bxg3+ 32. Kd2 Bf4+  0-1

[Event "1. OEsterreichische Internet Schach Meisterschaft - Vorrunde 1"]
[Site "Online - Playchess.com"]
[Date ""]
[Round "9"]
[Board "52"]
[White "Steirer, Gerhard"]
[Black "Doujak, Gabriel Andreas"]
[Result "0-1"]
[WhiteElo "1854"]
[BlackElo "1980"]
[PlyCount "48"]
[EventDate "2020.04.11"]
[EventRounds "9"]
[EventCountry "AUT"]

1. e4 c6 2. d4 d5 3. e5 Bf5 4. Nc3 e6 5. g4 Bg6 6. Nge2 c5 7. Nf4 Ne7 8. h4 h5
9. Nb5 Nec6 10. Nxg6 fxg6 11. Bd3 cxd4 12. Bxg6+ Kd7 13. Nxd4 Nxd4 14. Qxd4 Nc6
15. Qf4 hxg4 16. h5 Be7 17. Bd2 Qb6 18. Bc3 Raf8 19. Qg3 Rf3 20. Qg2 Rhf8 21.
O-O-O Rxf2 22. Qxg4 R8f4 23. Rxd5+ Kc7 24. Qxe6 Qe3+ {Skandi gibt auf}  0-1

[Event "1. OEsterreichische Internet Schach Meisterschaft - Vorrunde 1"]
[Site "Online - Playchess.com"]
[Date ""]
[Round "9"]
[Board "53"]
[White "Enne, Harald"]
[Black "Glaner, Marcus Franz"]
[Result "1-0"]
[WhiteElo "1916"]
[BlackElo "1939"]
[PlyCount "57"]
[EventDate "2020.04.11"]
[EventRounds "9"]
[EventCountry "AUT"]

1. d4 Nf6 2. c4 g6 3. Nc3 d5 4. cxd5 Nxd5 5. e4 Nxc3 6. bxc3 Bg7 7. Be3 c5 8.
Qd2 cxd4 9. cxd4 Nc6 10. Rd1 O-O 11. Bc4 Bg4 12. f3 Bd7 13. Ne2 Na5 14. Bd3 Rc8
15. Rc1 a6 16. O-O b5 17. Rxc8 Bxc8 18. d5 Bb7 19. Rc1 Re8 20. Nf4 e5 21. dxe6
fxe6 22. Rd1 e5 23. Nd5 Bxd5 24. exd5 Nc4 25. Bxc4 bxc4 26. d6 Kh8 27. Qd5 c3
28. Rc1 Qa5 29. Qxa5 {Frzfrz gibt auf}  1-0

[Event "1. OEsterreichische Internet Schach Meisterschaft - Vorrunde 1"]
[Site "Online - Playchess.com"]
[Date ""]
[Round "9"]
[Board "54"]
[White "Schein, Alexander"]
[Black "Heinritz, Dietmar"]
[Result "1-0"]
[WhiteElo "1631"]
[BlackElo "1887"]
[PlyCount "45"]
[EventDate "2020.04.11"]
[EventRounds "9"]
[EventCountry "AUT"]

1. e4 Nf6 2. e5 Nd5 3. Nf3 Nb6 4. Nc3 d5 5. d4 e6 6. Bd3 c5 7. Bb5+ Bd7 8. Be3
Nc6 9. dxc5 Nc4 10. Bxc4 dxc4 11. O-O Qa5 12. Ne4 Rd8 13. Nd6+ Bxd6 14. exd6 f6
15. Qe2 Qb4 16. Rab1 b5 17. a3 Qa5 18. Nd4 Nxd4 19. Bxd4 e5 20. Be3 Qa6 21.
Qh5+ g6 22. Qf3 Qc6 23. Qxf6 {Drachen 1 gibt auf}  1-0

[Event "1. OEsterreichische Internet Schach Meisterschaft - Vorrunde 1"]
[Site "Online - Playchess.com"]
[Date ""]
[Round "9"]
[Board "55"]
[White "Stolzlechner, Andreas"]
[Black "Flir, Emilio"]
[Result "0-1"]
[WhiteElo "1835"]
[BlackElo "1843"]
[PlyCount "118"]
[EventDate "2020.04.11"]
[EventRounds "9"]
[EventCountry "AUT"]

1. e4 c5 2. c3 d5 3. exd5 Qxd5 4. d4 Nf6 5. Nf3 Bg4 6. Be2 e6 7. Be3 Nc6 8. O-O
cxd4 9. cxd4 Be7 10. Nc3 Qd6 11. h3 Bh5 12. Qd2 O-O 13. Rfd1 Rfd8 14. a3 Rac8
15. Rac1 Nd5 16. Ne4 Qb8 17. b4 Nxe3 18. fxe3 Bg6 19. Bd3 Rd5 20. Nc3 Rh5 21.
Bxg6 hxg6 22. Qf2 Bd6 23. Ne4 Rd8 24. Nxd6 Qxd6 25. b5 Rxb5 26. Ne5 Nxe5 27.
dxe5 Qxd1+ 28. Rxd1 Rxd1+ 29. Kh2 Rxe5 30. Qf4 Rdd5 31. Qa4 Rxe3 32. Qe8+ Kh7
33. Qxf7 Re2 34. Qf4 Rh5 35. Qf3 Rb2 36. Qc3 Rb6 37. a4 Rd5 38. Qc4 Rbd6 39.
Qh4+ Kg8 40. Qg3 Rd3 41. Qxg6 R3d5 42. Qe8+ Kh7 43. Qf7 Rf5 44. Qxb7 Rd2 45.
Qb4 Rff2 46. Qh4+ Kg8 47. Qe4 Rxg2+ 48. Kh1 Rh2+ 49. Kg1 Rhe2 50. Qa8+ Kh7 51.
Kf1 Rh2 52. Kg1 Rhe2 53. Kf1 Rf2+ 54. Ke1 Rde2+ 55. Kd1 Ra2 56. Qe4+ Kh8 57.
Qh4+ Kg8 58. Qd8+ Rf8 59. Ke1 Rxd8 {Hundemaler gibt auf}  0-1

[Event "1. OEsterreichische Internet Schach Meisterschaft - Vorrunde 1"]
[Site "Online - Playchess.com"]
[Date ""]
[Round "9"]
[Board "57"]
[White "Ussar, Reinhard"]
[Black "Schein, Leopold"]
[Result "0-1"]
[WhiteElo "1676"]
[BlackElo "1584"]
[PlyCount "72"]
[EventDate "2020.04.11"]
[EventRounds "9"]
[EventCountry "AUT"]

1. e4 c5 2. c3 Nf6 3. e5 Nd5 4. d4 cxd4 5. cxd4 Nc6 6. Nc3 Nxc3 7. bxc3 e6 8.
Nf3 d6 9. Bb5 Bd7 10. O-O dxe5 11. Bxc6 Bxc6 12. Nxe5 Rc8 13. Qh5 g6 14. Qg4
Bd5 15. Bd2 Bd6 16. f4 O-O 17. f5 exf5 18. Qd1 Bxe5 19. dxe5 Be4 20. Kh1 Re8
21. Bf4 Qxd1 22. Raxd1 Rxc3 23. Rd7 Rc2 24. Rg1 Rxa2 25. h4 b5 26. Kh2 b4 27.
Kh3 b3 28. g4 fxg4+ 29. Rxg4 Bf5 30. h5 Bxd7 31. hxg6 Bxg4+ 32. Kxg4 hxg6 33.
Bc1 b2 34. Bxb2 Rxb2 35. Kg5 Rxe5+ 36. Kf6 Rf5+  0-1